Childscape, Mediascape: (Record no. 205278)

MARC details
000 -LEADER
fixed length control field 00606nam a22001697a 4500
005 - DATE AND TIME OF LATEST TRANSACTION
control field 20240923111552.0
010 ## - LCCN (DPL NO)
LC control number ENG-141424
020 ## - INTERNATIONAL STANDARD BOOK NUMBER
International Standard Book Number 9789354427305
Terms of availability 1100.00
035 ## - SYSTEM CONTROL NUMBER
System control number EN-124956
037 ## - SOURCE OF ACQUISITION
Source of stock number/acquisition DBAD/PUB
082 ## - DEWEY DECIMAL CLASSIFICATION NUMBER
Classification number 320.550954
Edition number 1
245 ## - TITLE STATEMENT
Title Childscape, Mediascape:
Remainder of title Children and Media in India/
Statement of responsibility, etc edited by Usha Raman and Sumana Kasturi
260 ## - PUBLICATION, DISTRIBUTION, ETC. (IMPRINT)
Place of publication, distribution, etc Hyderabad
Name of publisher, distributor, etc Orient Blackswan Private Limited
Date of publication, distribution, etc 2023
270 ## - ADDRESS
Address 3-6-752 Himayatnagar
Postal code 500029
City Hyderabad Telangana,India
Electronic mail address info@orientblackswan.com
300 ## - PHYSICAL DESCRIPTION
Extent x;349p.
Dimensions 22CM (pbk)
942 ## - ADDED ENTRY ELEMENTS (KOHA)
Source of classification or shelving scheme Dewey Decimal Classification
Item type English Books
Call number suffix RAM
Classification part 320.550954
Holdings
Withdrawn status Lost status Not for loan Collection code Home library Current library Date acquired Source of acquisition Cost, normal purchase price Full call number Barcode Copy number Cost, replacement price Koha item type
      Non-fiction Shahdara Branch Shahdara Branch 23/08/2024 DBAD 1100.00 320.550954 RAM EN-124956 1 1100.00 English Books

© Delhi Public Library
Hit Counter
free hit counter